LEADER 00910nam0 22002531i 450 001 UON00423525 005 20231205104836.792 100 $a20130426d1935 |0itac50 ba 101 $aita 102 $aIT 105 $a|||| 1|||| 200 1 $aContes et Nouvelles$fP. Restaino 210 $aAvellino$cTipografia Pergola$d1935 215 $a106 p.$d20 cm. 620 $aIT$dAvellino$3UONL001388 676 $a843.9$cNarrativa francese 1900-$v21 700 1$aRESTAINO$bPasquale$3UONV197711$0704308 712 $aTipografia Pergola$3UONV252510$4650 801 $aIT$bSOL$c20240220$gRICA 899 $aSIBA - SISTEMA BIBLIOTECARIO DI ATENEO$2UONSI 912 $aUON00423525 950 $aSIBA - SISTEMA BIBLIOTECARIO DI ATENEO$dSI Francese VI A RES 03 $eSI SFR4571 7 03 $sBuono 996 $aContes et Nouvelles$91332542 997 $aUNIOR